LEADER 01538nam 2200373 a 450 001 9910695088903321 005 20060413111038.0 035 $a(CKB)5470000002365827 035 $a(OCoLC)66462388 035 $a(EXLCZ)995470000002365827 100 $a20060413d2006 ua 0 101 0 $aeng 135 $aurmn|---||||| 181 $ctxt$2rdacontent 182 $cc$2rdamedia 183 $acr$2rdacarrier 200 10$aDefense acquisitions$b[electronic resource] $ebusiness case and business arrangements key for Future Combat System's success : testimony before the Subcommittee on Airland, Committee on Armed Services, U.S. Senate /$fstatement of Paul L. Francis 210 1$a[Washington, D.C.] :$cU.S. Government Accountability Office,$d[2006] 215 $a15 pages $cdigital, PDF file 225 1 $aTestimony ;$vGAO-06-478 T 300 $aTitle from title screen (viewed on Apr. 4, 2006). 300 $a"For release ... March 1, 2006." 300 $aPaper version available from: U.S. Government Accountability Office, 441 G St., NW, Rm. LM, Washington, D.C. 20548. 320 $aIncludes bibliographical references. 517 $aDefense acquisitions 700 $aFrancis$b Paul L$01380678 712 02$aUnited States.$bCongress.$bSenate.$bCommittee on Armed Services.$bSubcommittee on AirLand. 712 02$aUnited States.$bGovernment Accountability Office. 801 0$bGPO 801 1$bGPO 906 $aBOOK 912 $a9910695088903321 996 $aDefense acquisitions$93422631 997 $aUNINA